|
|
|
|
| LEADER |
01836cas a2200253 a 4500 |
| 001 |
AALejournalIMF020232 |
| 008 |
230101c9999 xx r poo 0 0eng d |
| 020 |
|
|
|c 5.00 USD
|
| 020 |
|
|
|z 9781498336383
|
| 022 |
|
|
|a 2663-3493
|
| 040 |
|
|
|a BD-DhAAL
|c BD-DhAAL
|
| 110 |
2 |
|
|a International Monetary Fund.
|
| 245 |
1 |
0 |
|a Conditionality in Fund-Supported Programs-Purposes, Modalities, and Options for Reform.
|
| 264 |
|
1 |
|a Washington, D.C. :
|b International Monetary Fund,
|c 2009.
|
| 300 |
|
|
|a 1 online resource (24 pages)
|
| 490 |
1 |
|
|a Policy Papers
|
| 500 |
|
|
|a <strong>Off-Campus Access:</strong> No User ID or Password Required
|
| 500 |
|
|
|a <strong>On-Campus Access:</strong> No User ID or Password Required
|
| 506 |
|
|
|a Electronic access restricted to authorized BRAC University faculty, staff and students
|
| 520 |
3 |
|
|a This paper takes a fresh look at the purpose and modalities of conditionality for the use of the Fund's resources. It is part of a broader review of Fund lending facilities that includes access levels, charges and maturities, the analytical basis for Fund lending, and facilities for low income countries. It aims to explore options for more flexible approaches that would be responsive to the changing needs and circumstances of the Fund's members while providing adequate safeguards for Fund resources. While these options have been developed with General Resources Account (GRA) facilities in mind as a complement to the companion paper on the analytical framework, they could apply, as appropriate, to facilities and instruments used by low income members.
|
| 538 |
|
|
|a Mode of access: Internet
|
| 651 |
|
7 |
|a Greece
|2 imf
|
| 830 |
|
0 |
|a Policy Papers; Policy Paper ;
|v No. 2009/005
|
| 856 |
4 |
0 |
|z Full text available on IMF
|u http://elibrary.imf.org/view/journals/007/2009/005/007.2009.issue-005-en.xml
|z IMF e-Library
|